000 00554cam a2200145 4500500
005 20250921003725.0
041 _afre
042 _adc
100 1 0 _aLoizillon, Victor
_eauthor
245 0 0 _aJean-Baptiste Jeangène Vilmer, Le réveil stratégique. Essai sur la guerre permanente. Seuil, “Le compte à rebours”, 2024, 240 pages, €22.
260 _c2025.
500 _a40
786 0 _nÉtudes | Mai | 5 | 2025-04-24 | p. 137-138 | 0014-1941
856 4 1 _uhttps://shs.cairn.info/journal-etudes-2025-5-page-137?lang=en&redirect-ssocas=7080
999 _c1506808
_d1506808